000 00506nam a2200181 a 4500
001 3766
005 20140414131959.0
008 061012s19uu xx 00 eng d
020 _a0-8497-5281-7
050 _aTR 786.2
_bB324 1986
100 _aBastien, James
245 _aTechnic, level 1 /
_cby James Bastien.
260 _aSan Diego, California :
_bNiel A. Kjos Music Comp.,
_c1986.
300 _a ; cm.
440 _aBastien Piano Basics
650 _aMusic
_xJuvenile literature
999 _c113023
_d113023